000 00831nam a22002417a 4500
003 OSt
005 20250805014536.0
008 250805b |||||||| |||| 00| 0 eng d
020 _a978-621-427-194-8
040 _aDWC-Main Lib
_cOC
082 _aFil. 725.4 S487f 2024
100 _aCamilar - Serrano, Angelita
245 _aFacilities planning and management/
_cAngelita Camilar - Serrano
250 _a2nd edition
260 _aManila, Philippines :
_bUnlimited Books Library Services & Publishing,
_cc2024.
300 _ax, 275 pages :
_billustrations ;
_c25cm.
504 _aIncludes bibliographical references.
650 _a1. Industrial buildings.
650 _a2. Facility management.
650 _a3. Building management.
650 _a4. Building-- Planning.
942 _2ddc
_cBK - FIL
_e2nd edition
_kFil.
_n0
999 _c3935
_d3935